[Event "TUR-ch U20"]
[Site "Samsun"]
[Date "2024.05.23"]
[Round "8"]
[White "Cicek, Bilal Emre"]
[Black "Nuhoglu, Yusahan"]
[Result "1-0"]
[WhiteElo "1873"]
[BlackElo "1792"]
[PlyCount "95"]
[EventDate "2024.05.18"]
[EventType "swiss"]
[EventRounds "9"]
[EventCountry "TUR"]
[SourceTitle "EXT 2025"]
[Source "ChessBase"]
[SourceDate "2024.10.14"]
[SourceVersion "1"]
[SourceVersionDate "2024.10.14"]
[SourceQuality "1"]

1. d4 c5 2. dxc5 e6 3. Nc3 Bxc5 4. Ne4 Nf6 5. Nxc5 Qa5+ 6. Bd2 Qxc5 7. Bc3 e5 8. Qd3 Nc6 9. 0-0-0 d5 10. e3 a6 11. f4 e4 12. Qd2 Be6 13. Ne2 0-0-0 14. Nd4 Rhe8 15. Be2 Kb8 16. f5 Bc8 17. Nxc6+ Qxc6 18. g4 h5 19. h3 h4 20. Rdf1 Nd7 21. Bxg7 Ne5 22. Qd4 f6 23. g5 Qc7 24. Bxf6 Nc6 25. Bxd8 Rxd8 26. Qc5 d4 27. exd4 Qg3 28. d5 Qe5 29. f6 Rxd5 30. Qxd5 Qxd5 31. f7 Nd4 32. f8Q Nxe2+ 33. Kb1 Ng3 34. Qf4+ Ka8 35. Rd1 Qc4 36. Rhe1 Be6 37. Rd8+ Ka7 38. Qb8+ Kb6 39. Rd6+ Ka5 40. Qd8+ Kb4 41. Qb6+ Qb5 42. Rd4+ Bc4 43. c3+ Ka4 44. b3+ Ka3 45. Rxc4 Ne2 46. Rxe2 e3 47. Ra4+ Qxa4 48. Qd6+ 1-0

[Event "TUR-ch U20"]
[Site "Samsun"]
[Date "2024.05.22"]
[Round "7"]
[White "Sadik, Muhammed Selim"]
[Black "Cicek, Bilal Emre"]
[Result "1/2-1/2"]
[WhiteElo "1734"]
[BlackElo "1873"]
[PlyCount "214"]
[EventDate "2024.05.18"]
[EventType "swiss"]
[EventRounds "9"]
[EventCountry "TUR"]
[SourceTitle "EXT 2025"]
[Source "ChessBase"]
[SourceDate "2024.10.14"]
[SourceVersion "1"]
[SourceVersionDate "2024.10.14"]
[SourceQuality "1"]

1. d4 d5 2. c4 e6 3. Nf3 a6 4. c5 b6 5. cxb6 c5 6. Qb3 Nc6 7. Bf4 Bb7 8. e3 c4 9. Qc2 Qxb6 10. Be2 Nf6 11. Nc3 Bb4 12. 0-0 0-0 13. Na4 Qa7 14. b3 Na5 15. bxc4 dxc4 16. Be5 Be4 17. Qd1 Nd5 18. Nd2 Bd3 19. Bxd3 cxd3 20. Nf3 f6 21. Bg3 Qd7 22. a3 Nc3 23. Nxc3 Bxc3 24. Rb1 d2 25. Nxd2 e5 26. Ne4 Rac8 27. Nxc3 Rxc3 28. dxe5 Rd3 29. Qe1 Nc4 30. exf6 Nd2 31. fxg7 Rd8 32. h4 Nxf1 33. Qxf1 Rd1 34. Rxd1 Qxd1 35. Bc7 Rd2 36. Ba5 Qxf1+ 37. Kxf1 Ra2 38. Bb4 Kxg7 39. g4 Kg6 40. Kg2 h5 41. g5 Rc2 42. e4 Rc4 43. f3 Kf7 44. Kg3 Ke6 45. Kf4 Rc1 46. Ke3 Rh1 47. f4 Rxh4 48. f5+ Kf7 49. g6+ Kg7 50. e5 Rc4 51. e6 Kf6 52. Bf8 Rc1 53. Kd2 Rc4 54. Ke3 Rc1 55. Kf2 Rc4 56. Kg3 a5 57. Kh3 a4 58. g7 Rg4 59. e7 Kf7 60. f6 Ke8 61. g8Q Rxg8 62. Bg7 Kf7 63. Kh4 Rb8 64. Kxh5 Rb3 65. Bf8 Rg3 66. Kh4 Rg6 67. Bg7 Rg1 68. Kh5 Rg3 69. Bf8 Ke8 70. Kh4 Rg2 71. Kh5 Kf7 72. Kh4 Rg6 73. Bg7 Ke8 74. Kh5 Rg3 75. Bf8 Kf7 76. Kh4 Re3 77. Kg5 Re6 78. Bg7 Re3 79. Bf8 Rf3 80. e8Q+ Kxe8 81. Be7 Kf7 82. Kg4 Rf1 83. Kg5 Ke6 84. Kg4 Ke5 85. Kg5 Rg1+ 86. Kh6 Ke6 87. Kh5 Rg2 88. Kh6 Kf7 89. Kh5 Rg1 90. Kh6 Rg2 91. Kh5 Rg8 92. Kh6 Ke6 93. Kh7 Rg3 94. Kh6 Kf7 95. Kh5 Rg6 96. Kh4 Rxf6 97. Bxf6 Kxf6 98. Kg4 Ke5 99. Kf3 Kd4 100. Ke2 Kc3 101. Kd1 Kb2 102. Kd2 Kxa3 103. Kc3 Ka2 104. Kc2 a3 105. Kc1 Kb3 106. Kb1 a2+ 107. Ka1 Ka3 1/2-1/2

[Event "TUR-ch U20"]
[Site "Samsun"]
[Date "2024.05.21"]
[Round "6"]
[White "Cicek, Bilal Emre"]
[Black "Kesici, Eyup Can"]
[Result "1-0"]
[WhiteElo "1873"]
[BlackElo "1539"]
[PlyCount "73"]
[EventDate "2024.05.18"]
[EventType "swiss"]
[EventRounds "9"]
[EventCountry "TUR"]
[SourceTitle "EXT 2025"]
[Source "ChessBase"]
[SourceDate "2024.10.14"]
[SourceVersion "1"]
[SourceVersionDate "2024.10.14"]
[SourceQuality "1"]

1. c4 e5 2. g3 Nf6 3. Bg2 Nc6 4. Nc3 Bc5 5. a3 a6 6. e3 d6 7. Nge2 0-0 8. 0-0 Ba7 9. d3 Be6 10. Nd5 Bxd5 11. cxd5 Ne7 12. Nc3 h6 13. b4 Nh7 14. Kh1 Ng6 15. d4 f5 16. dxe5 Nxe5 17. Ne2 Nc4 18. Nf4 Qf6 19. Ra2 Ng5 20. Qc2 b5 21. Re1 Rae8 22. Bb2 Nxb2 23. Qxb2 Qxb2 24. Rxb2 Rc8 25. Rc1 Bb6 26. Rbc2 Rfe8 27. h4 Nf7 28. Bh3 Ne5 29. Bxf5 Ra8 30. Ne6 Nc4 31. a4 Re7 32. a5 Ba7 33. Bd3 Bxe3 34. fxe3 Nxe3 35. Rxc7 Nxd5 36. Rxe7 Nxe7 37. Rc7 1-0

[Event "TUR-ch U20"]
[Site "Samsun"]
[Date "2024.05.19"]
[Round "2"]
[White "Cicek, Bilal Emre"]
[Black "Ozturk, Ahmet Emir"]
[Result "1-0"]
[WhiteElo "1873"]
[BlackElo "1581"]
[PlyCount "63"]
[EventDate "2024.05.18"]
[EventType "swiss"]
[EventRounds "9"]
[EventCountry "TUR"]
[SourceTitle "EXT 2025"]
[Source "ChessBase"]
[SourceDate "2024.10.14"]
[SourceVersion "1"]
[SourceVersionDate "2024.10.14"]
[SourceQuality "1"]

1. c4 e5 2. g3 Nf6 3. Bg2 c6 4. d4 exd4 5. Qxd4 d5 6. cxd5 Be6 7. Nc3 cxd5 8. Bg5 Nbd7 9. Nf3 Bc5 10. Qd3 a6 11. 0-0 h6 12. Be3 0-0 13. Rac1 Rc8 14. Bd4 Qe7 15. Rfd1 Rfd8 16. e3 Bxd4 17. Nxd4 Nc5 18. Qb1 Bg4 19. Rd2 Nce4 20. Rdc2 Nxc3 21. Rxc3 Qd7 22. Rc5 g6 23. b4 b6 24. Rc6 Kg7 25. Rxb6 Bf5 26. Nxf5+ Qxf5 27. Rxa6 Ng4 28. Qb2+ Kg8 29. Rac6 Rb8 30. R6c2 Ne5 31. Qd4 Nd3 32. g4 1-0

[Event "TUR-chT U18"]
[Site "Karaman"]
[Date "2024.04.24"]
[Round "7"]
[White "Cicek, Bilal Emre"]
[Black "Yildiz, Serdar Murat"]
[Result "1/2-1/2"]
[WhiteElo "1830"]
[BlackElo "2021"]
[PlyCount "100"]
[EventDate "2024.04.21"]
[EventType "team-tourn"]
[EventRounds "9"]
[EventCountry "TUR"]
[SourceTitle "EXT 2025"]
[Source "ChessBase"]
[SourceDate "2024.10.14"]
[SourceVersion "1"]
[SourceVersionDate "2024.10.14"]
[SourceQuality "1"]

1. c4 e6 2. g3 d5 3. Bg2 d4 4. Nf3 c5 5. 0-0 Nc6 6. e3 Nf6 7. exd4 cxd4 8. d3 Nd7 9. Na3 e5 10. Re1 Be7 11. Nc2 a5 12. b3 0-0 13. a3 f6 14. Rb1 Nc5 15. b4 axb4 16. axb4 Na4 17. Rb3 Qb6 18. Qd2 Be6 19. Ba3 Rfd8 20. b5 Bc5 21. Bxc5 Nxc5 22. Rbb1 Na5 23. Nb4 e4 24. Nh4 f5 25. dxe4 Nxc4 26. Qg5 fxe4 27. Bxe4 Nxe4 28. Rxe4 d3 29. Nxd3 Rxd3 30. Rbe1 Rf8 31. R1e2 Rd1+ 32. Kg2 Bd5 33. Nf5 Bxe4+ 34. Rxe4 Rd7 35. Rxc4 Qf6 36. Qxf6 Rxf6 37. g4 h6 38. h4 h5 39. f3 Kh7 40. Re4 Rdf7 41. Kg3 g6 42. Nd4 hxg4 43. Kxg4 Kg8 44. f4 Rd6 45. Nf3 Rd5 46. Re6 Rxb5 47. Ng5 Rd7 48. Rxg6+ Kf8 49. h5 Rb1 50. h6 Rh1 1/2-1/2

[Event "TUR-ch U20"]
[Site "Samsun"]
[Date "2023.05.22"]
[Round "5"]
[White "Gunasti, Latife Yade"]
[Black "Cicek, Bilal Emre"]
[Result "0-1"]
[WhiteElo "1456"]
[BlackElo "1600"]
[PlyCount "152"]
[EventDate "2023.05.19"]
[EventType "swiss"]
[EventRounds "9"]
[EventCountry "TUR"]
[SourceTitle "CBM 214 Extra"]
[Source "ChessBase"]
[SourceDate "2023.07.31"]
[SourceVersion "1"]
[SourceVersionDate "2023.07.31"]
[SourceQuality "1"]

1. d4 d5 2. c4 e6 3. Nf3 a6 4. a4 dxc4 5. e3 c5 6. Bxc4 cxd4 7. Qxd4 Qxd4 8. Nxd4 e5 9. Nf3 Nc6 10. Nc3 Bg4 11. Ng5 Bh5 12. g4 h6 13. h4 Bg6 14. Nf3 Bb4 15. Bd2 Nge7 16. h5 Bh7 17. Rc1 0-0 18. g5 e4 19. Nh2 Ne5 20. Be2 hxg5 21. Rg1 N7c6 22. Rxg5 Be7 23. Rg2 Nb4 24. Kf1 Ned3 25. Bxd3 Nxd3 26. Nd5 Nxc1 27. Nxe7+ Kh8 28. Bxc1 Rfd8 29. Ke1 Rd7 30. Ng6+ fxg6 31. hxg6 Bg8 32. Bd2 Rad8 33. f4 Bb3 34. Ng4 Kg8 35. a5 Rc7 36. f5 Rc2 37. f6 gxf6 38. Nh6+ Kg7 39. Nf5+ Kf8 40. Rh2 Ke8 41. Rh8+ Kd7 42. Rxd8+ Kxd8 43. Bc3 Rg2 44. Bxf6+ Kd7 45. Bc3 Rxg6 46. Nd4 Bc4 47. Kf2 Kd6 48. Nf5+ Kc5 49. Ng3 Bd5 50. Ne2 Kc4 51. Nf4 Rh6 52. Kg2 Bc6 53. Bd4 Rd6 54. Bc3 Kb3 55. Kf2 Rh6 56. Kg2 Rh7 57. Bd4 Rf7 58. Bc3 Rf5 59. Ne6 Rf7 60. Nf4 Kc2 61. Kf2 Rd7 62. Ne2 Rd3 63. Be5 Rd1 64. Nd4+ Kd3 65. Nxc6 bxc6 66. Bd4 Rd2+ 67. Kg3 Rc2 68. Kf4 c5 69. Be5 Rf2+ 70. Kg4 Kxe3 71. Bd6 Rc2 72. b4 cxb4 73. Bxb4 Kd3 74. Kf5 e3 75. Ke5 e2 76. Kd5 Rd2 0-1

[Event "TUR-ch U13/18"]
[Site "Antalya"]
[Date "2023.01.26"]
[Round "8"]
[White "Celik, Ege Yigit"]
[Black "Cicek, Bilal Emre"]
[Result "1-0"]
[WhiteElo "1891"]
[BlackElo "1538"]
[PlyCount "33"]
[EventDate "2023.01.17"]
[EventType "swiss"]
[EventRounds "10"]
[EventCountry "TUR"]
[SourceTitle "EXT 2024"]
[Source "ChessBase"]
[SourceDate "2023.10.10"]
[SourceVersion "1"]
[SourceVersionDate "2023.10.10"]
[SourceQuality "1"]

1. c4 e6 2. Nf3 d5 3. g3 Nf6 4. Bg2 a6 5. 0-0 dxc4 6. a4 c5 7. Na3 b5 8. Ne5 Nd5 9. d3 cxd3 10. Qxd3 Qc7 11. Bf4 Nxf4 12. gxf4 Bb7 13. Nxb5 Qb6 14. Nc4 axb5 15. Nxb6 Bxg2 16. Kxg2 Nc6 17. Qd7# 1-0

[Event "TUR-ch U13/18"]
[Site "Antalya"]
[Date "2023.01.24"]
[Round "4"]
[White "Arslan, Efe"]
[Black "Cicek, Bilal Emre"]
[Result "1/2-1/2"]
[WhiteElo "1244"]
[BlackElo "1538"]
[PlyCount "56"]
[EventDate "2023.01.17"]
[EventType "swiss"]
[EventRounds "10"]
[EventCountry "TUR"]
[SourceTitle "EXT 2024"]
[Source "ChessBase"]
[SourceDate "2023.10.10"]
[SourceVersion "1"]
[SourceVersionDate "2023.10.10"]
[SourceQuality "1"]

1. e4 c5 2. Nf3 e6 3. d4 cxd4 4. Nxd4 Nf6 5. Nc3 Nc6 6. Nxc6 bxc6 7. e5 Nd5 8. Nxd5 cxd5 9. Bd3 Ba6 10. 0-0 Bxd3 11. Qxd3 d6 12. Bf4 Be7 13. exd6 Bxd6 14. Bxd6 Qxd6 15. Rfd1 Rd8 16. Qd4 0-0 17. Qxa7 Rb8 18. Qd4 Rb4 19. Qc3 Qb8 20. b3 Rc8 21. Qd3 Re4 22. a4 g6 23. a5 Rb4 24. a6 Qa7 25. Rdb1 Rc7 26. c3 Rb6 27. b4 Qb8 28. Qg3 Ra7 1/2-1/2

[Event "TUR-ch U13/18"]
[Site "Antalya"]
[Date "2023.01.23"]
[Round "3"]
[White "Cicek, Bilal Emre"]
[Black "Demirtas, Alper"]
[Result "0-1"]
[WhiteElo "1538"]
[BlackElo "1990"]
[PlyCount "122"]
[EventDate "2023.01.17"]
[EventType "swiss"]
[EventRounds "10"]
[EventCountry "TUR"]
[SourceTitle "EXT 2024"]
[Source "ChessBase"]
[SourceDate "2023.10.10"]
[SourceVersion "1"]
[SourceVersionDate "2023.10.10"]
[SourceQuality "1"]

1. d4 d5 2. Nc3 Nf6 3. Bf4 e6 4. Nf3 c6 5. e3 Be7 6. Ne5 Qb6 7. a3 Nbd7 8. Be2 Nf8 9. 0-0 Ng6 10. Bg3 Bd7 11. h3 a6 12. b4 0-0 13. Na4 Qd8 14. Bd3 Bc8 15. Nb2 a5 16. c3 Bd6 17. f4 Ne7 18. Bf2 b6 19. Bh4 Nf5 20. Bxf5 exf5 21. Qc2 Qe8 22. Bxf6 gxf6 23. Ned3 Qxe3+ 24. Kh1 axb4 25. Rae1 Qg3 26. axb4 Bd7 27. Rf3 Qh4 28. Kh2 Rfe8 29. g3 Qh6 30. Rfe3 Qf8 31. Qd1 Re4 32. Nf2 Re6 33. Nbd3 Rae8 34. Qd2 c5 35. bxc5 bxc5 36. dxc5 Bxc5 37. Nxc5 Qxc5 38. Nd1 Re4 39. h4 Ba4 40. Rxe4 Rxe4 41. Rxe4 fxe4 42. Ne3 Bb3 43. Qd4 Qxd4 44. cxd4 Kf8 45. Kg2 Ke7 46. Kf2 Kd6 47. Nf5+ Ke6 48. Ng7+ Kd7 49. Ke3 Bd1 50. Nf5 Bg4 51. Nh6 Bh3 52. Ng8 Ke6 53. Nh6 f5 54. g4 Bxg4 55. Kf2 f6 56. Kg3 Ke7 57. Nxg4 fxg4 58. Kxg4 Kd6 59. h5 Ke6 60. h6 f5+ 61. Kg3 Kf6 0-1